Les théories du complot - Statistiques

Statistiques générales
  • Ce quiz a été pris 144 fois
  • Le résultat moyen est 2 sur 9
Statistiques - réponses
Hint Réponse % Correct
1 La terre plate
74%
6 Les reptiliens
55%
5 11 septembre
47%
3 Adrénochrome
5%
4 Chemtrails
4%
8 Personne n'a marché sur la Lune
4%
2 Jean-Michel Trogneux
2%
7 Vaccins 5G
1%
9 Le sida virus crée en laboratoire
0%
Aucun quiz correspondant
Distribution des résultats
% des personnes avec chaque résultat
Percentile par nombre de réponses
Votre historique - résultats
Vous n’avez pas pris ce quiz